000 00314nam a22001337a 4500
008 170619b xxu||||| |||| 00| 0 eng d
020 _a9781556236884
041 _aeng
080 _a94
100 _a20
101 _aSHP
245 _aCRSHES AND PANICS THE LESSONS FROM HISTORY
_cWHITE.E.N
942 _2udc
_cBK
999 _c18191
_d18191